MARC details
| 000 -CABECERA |
| campo de control de longitud fija |
02185ngm a22003974i 4500 |
| 001 - NÚMERO DE CONTROL |
| campo de control |
991061312090106706 |
| 003 - IDENTIFICADOR DEL NÚMERO DE CONTROL |
| campo de control |
ES-BaIT |
| 005 - FECHA Y HORA DE LA ÚLTIMA TRANSACCIÓN |
| campo de control |
20260205144647.0 |
| 008 - DATOS DE LONGITUD FIJA--INFORMACIÓN GENERAL |
| campo de control de longitud fija |
250409s2013 xxk||| |-|||||q|| vleng|c |
| 024 3# - IDENTIFICADOR DE OTROS ESTÁNDARES |
| Número estándar o código |
5021866639307 |
| 028 40 - NÚMERO DE EDITOR O DISTRIBUIDOR |
| Número de editor o de distribuidor |
639 |
| Fuente |
ART |
| 040 ## - FUENTE DE LA CATALOGACIÓN |
| Centro catalogador/agencia de origen |
ES-BaIT |
| Lengua de catalogación |
cat |
| Normas de descripción |
rda |
| Centro/agencia transcriptor |
ES-BaIT |
| 080 ## - NÚMERO DE LA CLASIFICACIÓN DECIMAL UNIVERSAL |
| Número de la Clasificación Decimal Universal |
793.4:791.43(086.8) |
| 245 10 - MENCIÓN DE TÍTULO |
| Título |
First position / |
| Mención de responsabilidad, etc. |
directed and produced by Bess Kargman ; music by Chris Hajian |
| 264 #1 - PRODUCCIÓN, PUBLICACIÓN, DISTRIBUCIÓN, FABRICACIÓN Y COPYRIGHT |
| Producción, publicación, distribución, fabricación y copyright |
[London] : |
| Nombre del de productor, editor, distribuidor, fabricante |
Artificial Eye, |
| Fecha de producción, publicación, distribución, fabricación o copyright |
2013 |
| 264 #4 - PRODUCCIÓN, PUBLICACIÓN, DISTRIBUCIÓN, FABRICACIÓN Y COPYRIGHT |
| Fecha de producción, publicación, distribución, fabricación o copyright |
© 2011 |
| 300 ## - DESCRIPCIÓN FÍSICA |
| Extensión |
1 videodisc (DVD) (95 min): |
| Otras características físicas |
color, so; |
| Dimensiones |
19 cm |
| 336 ## - TIPO DE CONTENIDO |
| Término de tipo de contenido |
imatge en moviment bidimensional |
| Código de tipo de contenido |
tdi |
| Fuente |
rdacontent |
| 337 ## - TIPO DE MEDIO |
| Nombre/término del tipo de medio |
vídeo |
| Código del tipo de medio |
v |
| Fuente |
rdamedia |
| 338 ## - TIPO DE SOPORTE |
| Nombre/término del tipo de soporte |
videodisc |
| Código del tipo de soporte |
vd |
| Fuente |
rdacarrier |
| 344 ## - CARACTERÍSTICAS DE SONIDO |
| Tipo de grabación |
digital |
| Medio de grabación |
magnètic |
| Configuración de los canales de reproducción del sonido |
estèreo |
| Características especiales de reproducción |
Dolby digital 5.1 |
| Fuente |
rda |
| 347 ## - CARACTERÍSTICAS DEL ARCHIVO DIGITAL |
| Tipo de archivo |
fitxer vídeo |
| Formato de codificación |
DVD vídeo |
| Codificación regional |
totes les regions |
| Fuente |
rda |
| 500 ## - NOTA GENERAL |
| Nota general |
Format de pantalla (16:9) |
| 500 ## - NOTA GENERAL |
| Nota general |
Subtítol a coberta: 6 dancers, 5 minutes in stage, 1 chance to make it |
| 520 ## - SUMARIO, ETC. |
| Sumario, etc. |
Documentary following six young dancers from around the world hoping to prove their balletic ability at the prestigious Youth America Grand Prix in New York. Each year, thousands of dancers enter hoping to win a place in the finals, but only 300 places are available for those who show real determination in the face of such tough competition. 16-year-old Joan Sebastian Zamora tells of his dream to become a world famous dancer but also of the pressure he is under from his parents and himself to perform at the very high standard of the competition; and Michaela DePrince, who was born in Sierra Leone but adopted by an American family, discusses how her body type is believed to be a disadvantage in the world of ballet |
| 586 ## - NOTA DE PREMIOS |
| Nota de premios |
Jury prize San Francisco Documentary Festival |
| 586 ## - NOTA DE PREMIOS |
| Nota de premios |
Audence Award Doc NYC |
| 650 #4 - PUNTO DE ACCESO ADICIONAL DE MATERIA--TÉRMINO DE MATERIA |
| Término de materia o nombre geográfico como elemento de entrada |
Ballarins de dansa clàssica |
| Subdivisión cronológica |
S. XXI |
| 9 (RLIN) |
168353 |
| 650 #4 - PUNTO DE ACCESO ADICIONAL DE MATERIA--TÉRMINO DE MATERIA |
| Término de materia o nombre geográfico como elemento de entrada |
Ballarines de dansa clàssica |
| Subdivisión cronológica |
S. XXI |
| 9 (RLIN) |
168354 |
| 650 #4 - PUNTO DE ACCESO ADICIONAL DE MATERIA--TÉRMINO DE MATERIA |
| Término de materia o nombre geográfico como elemento de entrada |
Dansa clàssica |
| Subdivisión general |
Concursos |
| 9 (RLIN) |
120633 |
| 655 #7 - TÉRMINO DE INDIZACIÓN--GÉNERO/FORMA |
| Datos o término principal de género/forma |
Cinema documental |
| Subdivisión geográfica |
Estats Units d'Amèrica |
| Fuente del término |
lemac |
| 9 (RLIN) |
100791 |
| 700 1# - ENTRADA AGREGADA--NOMBRE PERSONAL |
| Nombre de persona |
Kargman, Bess |
| Término indicativo de función/relación |
director cinematogràfic |
| 9 (RLIN) |
141689 |
| 908 ## - COLOCAR PARÁMETRO DE COMANDO (RLIN) |
| Colocar parámetro de comando |
CDMAE |
| 940 ## - EQUIVALENCIA O REFERENCIA-CRUZADA--TÍTULO UNIFORME [OBSOLETO] [solamente CAN/MARC] |
| Título uniforme |
<a href="CDMAE">CDMAE</a> |
| 942 ## - ELEMENTOS DE ENTRADA AGREGADA (KOHA) |
| Fuente del sistema de clasificación o colocación |
Clasificación decimal universal |
| Tipo de ítem Koha |
Vídeo |